000 00455nam a2200181Ia 4500
005 20250423100650.0
008 250422s9999 xx 000 0 und d
020 _a9781861003584
050 _aQA 76.76 .H94 .P76/
100 _aWilliams, Kevin
245 0 _aProfessional XML database
260 _aUK
260 _bWrox Press
260 _c2001
300 _a1007 p
650 _aRelational databases. XML (Document markup language)
942 _cBK
999 _c33993
_d33993